000
00329nam a2200133Ia 4500
008
240624s9999 xx 000 0 und d
041
_a
eng
082
_a
004.22 ENG
100
_a
ENGLANDER IRV
245
_a
ARCHITECTURE OF COMPUTER HARDWARE AND SY
250
_a
(2nd ed.)
260
_c
2002
_a
Singapore
_b
John Wiley
365
_c
RS
999
_c
1381
_d
1381